House to house an epic of urban warfare / (Record no. 15844)

000 -LEADER
fixed length control field 00718nam a2200253 a 4500
001 - CONTROL NUMBER
control field ASINB003T6K4BC
005 - DATE AND TIME OF LATEST TRANSACTION
control field 20170105102926.0
008 - FIXED-LENGTH DATA ELEMENTS--GENERAL INFORMATION
fixed length control field 131212s2007 xxu eng d
020 ## - INTERNATIONAL STANDARD BOOK NUMBER
International Standard Book Number 184737090X (paperback)
020 ## - INTERNATIONAL STANDARD BOOK NUMBER
International Standard Book Number 9781847370907 (paperback)
040 ## - CATALOGING SOURCE
Original cataloging agency 0
050 04 - LIBRARY OF CONGRESS CALL NUMBER
Classification number DS79.76
082 04 - DEWEY DECIMAL CLASSIFICATION NUMBER
Classification number 956.70443092
Author Mark BEL 2007
100 1# - MAIN ENTRY--PERSONAL NAME
Personal name David, Bellavia.
245 10 - TITLE STATEMENT
Title House to house an epic of urban warfare /
Statement of responsibility, etc. Bellavia David.
260 ## - PUBLICATION, DISTRIBUTION, ETC.
Place of publication, distribution, etc. [S.l.] :
Name of publisher, distributor, etc. Simon & Schuster,
Date of publication, distribution, etc. 2007.
300 ## - PHYSICAL DESCRIPTION
Extent 321p.
Other physical details 24cm
650 #0 - SUBJECT ADDED ENTRY--TOPICAL TERM
Topical term or geographic name entry element Bellavia, David, 1975-
650 #0 - SUBJECT ADDED ENTRY--TOPICAL TERM
Topical term or geographic name entry element Fallujah, Battle of (Iraq : 2004)
650 #0 - SUBJECT ADDED ENTRY--TOPICAL TERM
Topical term or geographic name entry element Iraq War (2003-2011)
650 #0 - SUBJECT ADDED ENTRY--TOPICAL TERM
Topical term or geographic name entry element Iraq--Fallūjah
650 #0 - SUBJECT ADDED ENTRY--TOPICAL TERM
Topical term or geographic name entry element Soldiers
942 ## - ADDED ENTRY ELEMENTS (KOHA)
Source of classification or shelving scheme
Koha item type Book
Holdings
Withdrawn status Lost status Damaged status Not for loan Collection code Permanent Location Current Location Shelving location Date acquired Total Checkouts Full call number Barcode Date last seen Price effective from Koha item type
          Centre for International Peace & Stability (CIPS) Centre for International Peace & Stability (CIPS) General Stacks 10/02/2013   956.70443092 BEL 2007 CIPS0002158 12/12/2013 12/12/2013 Book
© 2023 Central Library, National University of Sciences and Technology. All Rights Reserved.